000 00660nam a2200265Ia 4500
005 20260121165144.0
008 008 260114s9999 xx 000 0 eng d
020 _a9781493936496
037 _aEBOOK
040 _aCRL
040 _beng
040 _cCRL
041 _2eng
041 _aeng
084 _qCRL
100 _aBenjamin G. Neel, Nicholas K. Tonks
_91048198
245 0 _aProtein Tyrosine Phosphatases in Cancer
260 _bSpringer
260 _bSpringer
260 _c2016
856 _uhttps://link.springer.com/openurl?genre=book&isbn=978-1-4939-3649-6
942 _cEBOOK
999 _c1613923
_d1613923